| 000 | 00445nam a2200145 a 4500 | ||
|---|---|---|---|
| 001 | 000038189 | ||
| 005 | 20201002031206.0 | ||
| 008 | 130321s1993 dr 000 0 spa d | ||
| 040 |
_aDO-SdBNP _bspa _cBNPHU |
||
| 100 | 1 |
_aAlburquerque, Rafael _97243 |
|
| 245 | 1 | 0 |
_aGuia de los derechos de los trabajadores / _cRafael Alburquerque. |
| 260 |
_aSanto Domingo : _bLozano, _c1993. |
||
| 300 |
_a117 p. ; _c19 cm. |
||
| 500 | _aIncluye índice alfabético | ||
| 999 |
_c37679 _d37679 |
||